Foundations of education II (Record no. 41754)

MARC details
000 -LEADER
fixed length control field 00726nam a22002297i 4500
003 - CONTROL NUMBER IDENTIFIER
control field URS
005 - DATE AND TIME OF LATEST TRANSACTION
control field 20220114162555.0
020 ## - INTERNATIONAL STANDARD BOOK NUMBER
International Standard Book Number 9715740707
040 ## - CATALOGING SOURCE
Original cataloging agency DMLF
Language of cataloging eng
Description conventions rda
Transcribing agency URS
050 ## - LIBRARY OF CONGRESS CALL NUMBER
Classification number LB 14.7
Item number S26 2003
100 ## - MAIN ENTRY--PERSONAL NAME
Personal name San Mateo, Rosalinda A
Relator term author
245 ## - TITLE STATEMENT
Title Foundations of education II
Remainder of title historical, philosophical, and legal foundations of education
Statement of responsibility, etc. Rosalinda A. San Mateo and Maura G. Tangco.
250 ## - EDITION STATEMENT
Edition statement 3rd edition.
264 ## - PRODUCTION, PUBLICATION, DISTRIBUTION, MANUFACTURE, AND COPYRIGHT NOTICE
Place of production, publication, distribution, manufacture Quezon City
Name of producer, publisher, distributor, manufacturer Katha Pub.
Date of production, publication, distribution, manufacture, or copyright notice ©2003
300 ## - PHYSICAL DESCRIPTION
Extent x, 166 pages
336 ## - CONTENT TYPE
Source rdacontent
Content type term text
Content type code txt
337 ## - MEDIA TYPE
Source rdamedia
Media type term unmediated
Media type code n
338 ## - CARRIER TYPE
Source rdacarrier
Carrier type term volume
Carrier type code nc
650 #0 - SUBJECT ADDED ENTRY--TOPICAL TERM
Topical term or geographic name entry element Education, Study and Teaching
700 ## - ADDED ENTRY--PERSONAL NAME
Personal name Tangco, Maura G.
942 ## - ADDED ENTRY ELEMENTS (KOHA)
Koha item type Filipiniana
Holdings
Withdrawn status Damaged status Not for loan Collection code Home library Current library Shelving location Date acquired Total Checkouts Full call number Barcode Date last seen Price effective from Koha item type
      Non-fiction Angono College Library Angono College Library General Stacks 12/07/2021   370 Sa53.8 2003 URSANG-5173 12/07/2021 12/07/2021 Filipiniana

University of Rizal System
Email us at univlibservices@urs.edu.ph

Visit our Website www.urs.edu.ph/library